000 00568nam a22001577a 4500
999 _c18739
_d18739
008 240123b ||||| |||| 00| 0 eng d
020 _a9789811247552
082 _22022
_aDC 512.02
_bW433
100 _aWeintraub, Steven H.
_950790
245 _aAn introduction to abstract algebra :
_bsets, groups, rings, and fields /
_cSteven H. Weintraub
260 _aSingapore :
_bWorld Scientific Publishing Co. Pte. Ltd.,
_c©2022.
300 _axvii, 419 pages :
_billustrations ;
_c23 cm.
500 _aIncludes index.
650 _aAlgebra, Abstract.
_924726
942 _2ddc
_cDC